000 01407nam a2200325Ia 4500
005 20161206150403.0
008 130821s2000 ck gr spa
020 _a958 683 265 1
_cTomo 1
020 _a958 683 294 5
_cTomo 3
020 _a958 683 295 3
_cTomo 2
020 _a958 683 296 1
_cTomo 4
020 _a958 683 297 x
_cobra completa
040 _aCO-BoUCM
_bspa
_cJose A. Gerena (modificó)
_d[Nuevo]
041 0 0 _aspa
100 1 _aVázquez Carrizosa, Alfredo
_d1909-2001
_982691
245 1 0 _aRelatos de historia diplomática de Colombia Siglo XX
_cAlfredo Vázquez Carrizosa
260 _aBogotá (Colombia)
_bCEJA
_c2000
300 _avolúmenes
504 _aIncluye referencias bibliográficas
505 _gvol.1.
_tLiteratura y política --
_gvol.2
_tEstados unidos, San Andrés y Providencia y América latina --
_gvol.3.
_tLa paz Internacional, relaciones con la Santa Sede.
650 7 _98042
_aRelaciones internacionales
650 7 _913310
_aDiplomacia
651 4 _aColombia
_xRelaciones exteriores
_933248
651 4 _aColombia
_xHistoria
_926897
690 0 _aRelaciones internacionales
_98042
700 1 _aColombia
_bMinisterio de Relaciones Exteriores
_982692
700 1 _aPontificia universidad Javeriana
_bFacultad de Ciencias Políticas y Relaciones Internacionales
_982693
942 _cLIBRO
_a6
_e1
_mV999r
_2DEWEY
_h327.861
999 _c76507
_d76507